00857naa a22002297a 4500001001000000003000900010005001700019007000300036008003400039040005400073041000900127072001400136100001800150111008000168245002000248260003700268500014300305650001100448650000900459650001800468773014100486BR9209991BR-BrBNA20240918181624.0ta230509b bl.||||| |||| 00| 0 por d aBR-BrBNAbporcBiblioteca Nacional de Agricultura a(Pt) aL01b52171 aMiranda, W.C.1 a2. Encontro sobre Pecuaria de CortecSao Paulo, SP (Brazil)d25-27 Jun 19851 aBubalinocultura3 aSao Paulo, SP (Brasil): c1985.  aMoura, J.C. de; Savastano, S.(eds.) Anais do 2. Encontro sobre Pecuaria de Corte Sao Paulo, SP (Brasil): 1985. p. 37-43 (BR9209991-AM)L01  aBufalo aRaca aGanho de Peso0 tAnais do 2. Encontro sobre Pecuaria de CorteaMoura, J.C. de; Savastano, S.(eds.)wL01 BR9209991gSao Paulo, SP (Brasil), 1985. p. 37-43